Online
Catalog

Punto (Record no. 57941)

MARC details
000 -CABECERA
campo de control de longitud fija 00655nas a2200193 a 4500
005 - FECHA Y HORA DE LA ÚLTIMA TRANSACCIÓN
campo de control 20260317133558.0
007 - CAMPO FIJO DE DESCRIPCIÓN FÍSICA--INFORMACIÓN GENERAL
campo de control de longitud fija ta
008 - DATOS DE LONGITUD FIJA--INFORMACIÓN GENERAL
campo de control de longitud fija 241030e1978 dr m||||r||||||0| | spa d
040 ## - FUENTE DE LA CATALOGACIÓN
Centro catalogador/agencia de origen DO-SdBNP
Centro/agencia transcriptor BNPHU
Normas de descripción rda
050 ## - SIGNATURA TOPOGRÁFICA DE LA BIBLIOTECA DEL CONGRESO
Número de documento/Ítem spa
245 ## - MENCIÓN DE TÍTULO
Título Punto
260 ## - PUBLICACIÓN, DISTRIBUCIÓN, ETC.
Lugar de publicación, distribución, etc. Santo Domingo, República Dominicana :
Nombre del editor, distribuidor, etc. Secretaría de Interior y Policía,
Fecha de publicación, distribución, etc. 1978.
300 ## - DESCRIPCIÓN FÍSICA
Extensión volumen :
Otras características físicas ilustraciones, fotografías ;
Dimensiones 27 cm.
310 ## - PERIODICIDAD ACTUAL
Periodicidad actual Mensual.
362 ## - FECHAS DE PUBLICACIÓN Y/O DESIGNACIÓN SECUENCIAL
Fecha de publicación y/o designación secuencial Año 1. Núm 1. Sept 1978
650 #0 - PUNTO DE ACCESO ADICIONAL DE MATERIA--TÉRMINO DE MATERIA
Término de materia o nombre geográfico como elemento de entrada Artes
9 (RLIN) 31065
Subdivisión de forma Publicaciones periódicas
Subdivisión geográfica República Dominicana
650 #0 - PUNTO DE ACCESO ADICIONAL DE MATERIA--TÉRMINO DE MATERIA
Término de materia o nombre geográfico como elemento de entrada Cultura
Subdivisión de forma Publicaciones periódicas
Subdivisión geográfica República Dominicana
9 (RLIN) 89224
942 ## - ELEMENTOS DE PUNTO DE ACCESO ADICIONAL (KOHA)
Fuente del sistema de clasificación o colocación Dewey Decimal Classification
Tipo de ítem Koha Publicación periódica
Holdings
Estado de retiro Estado de pérdida Fuente del sistema de clasificación o colocación Estado dañado Restricciones de uso No para préstamo Código de colección Localización permanente Ubicación/localización actual Fecha de adquisición Enumeración/cronología de publicación seriada Total de préstamos Código de barras Fecha visto por última vez Número de copia Precio válido a partir de Tipo de ítem Koha
    Dewey Decimal Classification   Préstamo en sala   Hemeroteca Biblioteca Nacional Pedro Henríquez Ureña Biblioteca Nacional Pedro Henríquez Ureña 30.10.2024 Año 1, Núm. 1, Sept 1978   2024-6261 30.10.2024 e.1 30.10.2024 Publicación periódica
    Dewey Decimal Classification   Préstamo en sala   Hemeroteca Biblioteca Nacional Pedro Henríquez Ureña Biblioteca Nacional Pedro Henríquez Ureña 30.10.2024 Año 1, Núm. 1, Sept 1978   2024-6262 30.10.2024 e.2 30.10.2024 Publicación periódica

Powered by Koha